| 000 | 00342nam a22001217a 4500 | ||
|---|---|---|---|
| 005 | 20251103095453.0 | ||
| 008 | 251103b |||||||| |||| 00| 0 eng d | ||
| 082 | _aDper 910.46 | ||
| 100 |
_aTolete, Janet R. _eauthor. _969088 |
||
| 245 |
_aThe high ground / _cJanet R. Tolete. |
||
| 300 |
_aVolume 66, no. 3, page 5 ; _c27 cm. |
||
| 942 |
_2ddc _cPER |
||
| 999 |
_c24117 _d24117 |
||